| 000 | 01844nam a2200253Ia 4500 | ||
|---|---|---|---|
| 003 | Ost | ||
| 005 | 20260507075451.0 | ||
| 008 | 260507s9999||||xx |||||||||||||| ||und|| | ||
| 020 | _a2010422977 | ||
| 040 | _cfsecg | ||
| 041 | _aara | ||
| 082 | _a332.11 | ||
| 100 |
_aمحمد علي، احمد شعبان _eمؤلف |
||
| 245 | 0 |
_aانعكاسات المتغيرات المعاصرة علي القطاع المصرفي ودور البنوك المركزية : _bدراسة تحليلية-تطبيقية لحالات مختارة من البلدان العربية / _c احمد شعبان محمد علي |
|
| 260 |
_aالاسكندرية: _bالدار الجامعية, _c2007 |
||
| 300 |
_a532 صفحة؛ _bإيضاحات ؛ _c24 سم |
||
| 504 | _aبيبليوغرافيا ص.383 ملاحق ص.510 | ||
| 520 | _aماهية البنوك المركزية ، المتغيرات الاقتصادية المعاصرة والاقتصاد العالمي المتغيرات الاقتصادية المعاصرة ، انعكاسات المتغيرات الاقتصادية على الاقتصاد العالمي ، السياسة النقدية في ظل ظروف الاقتصاديات المتقدمة والنامية ، تطور أداء البنك المركزي ودوره في البلدان العربية ، التوافق مع بازل 2 ودور البنوك المركزية التوجهات العامة للجنة بازل للرقابة المصرفية ، تفعيل التعاون مع البنوك المركزية في البلدان العربية ، أداء البنوك المركزية العربية نموذج قياسي | ||
| 653 | _aالانتاج | ||
| 653 | _aالبنوك المركزية | ||
| 653 | _aالقطاع المصرفي | ||
| 653 | _aالمتغيرات الاقتصادية | ||
| 942 | _cكتاب | ||
| 999 |
_c44628 _d44628 |
||